00213nam a2200085Ia 4500008004100000041000800041082001500049100001900064245004400083240625s9999 xx 000 0 und d aeng a808.20 SHA aSHARMA PRERANA aSTUDY OF THE NON FUEL PRODUCTS MARKETED